Disney: Peter Pan Quiz - Statistics

General Stats
  • This quiz has been taken 170 times
  • The average score is 14 of 25
Answer Stats
Questions Answer % Correct
Captain hook's first mate Smee
87%
Name of the Indian Chief's daughter Tiger Lily
85%
Who tries to kill Wendy out of jealousy Tinkerbell
81%
What colour is Captain Hook's hair? Black
80%
Name the dog Nana
80%
Who did they try to drown? Wendy
80%
What has the crocodile swallowed? Clock
78%
What toy does he carry? Teddy
77%
First name of the middle child John
76%
Which mythical creature says "we were only trying to drown her" Mermaid
75%
How many lost boys are there? 6
73%
Name of the youngest Darling child Michael
73%
What makes it fly Fairy dust
71%
The Darling children's father's name George
56%
Place where Peter Pan lives with the Lost Boys Neverland
56%
What colour does the ship turn when it flies Gold
55%
First name of the Darling's mother Mary
40%
What is in Peter Pan's 'gift from Wendy'? Bomb
34%
Song sung by the lost boys Following the leader
32%
What does his tattoo say? MOM
32%
What did the Indians hide in? Trees
31%
What is the common denominator here: crocodile, Tinkerbell and Peter Pan Green
28%
Which body part of Captain Hook's does his first mate scald? Feet
26%
What weapon does the youngest Darling child use to fight the pirates? Cannonball
20%
Fill in the blank: No_______ Captain! Splash
11%
No matching quizzes found
Score Distribution
Percent of People with Each Score
Percentile by Number Answered
Your Score History
You have not taken this quiz